00710 a2200193 4500001000700000003000400007005001700011008004100028082002100069100001700090245006700107260003800174300001000212690014000222700001500362942001200377999001300389952011400402066709OSt20211006113707.0  a338.502465bM69E1 aMishra, S.K.1 aEconomic environment of businesscby S.K. Mishra and V.K. Puri aMumbaibHimalaya Publishingc2010 a702p. aBusiness; Economics; Industrial management; Managerial economics; Business enterprises--Economic aspects; Business enterprises--Finance aPuri, V.K. 2ddccBK c724d724 00102ddc40708TXBaCURAJbCURAJd2012-03-07eMGMg440.00o338.502465 M69Ep995r2024-11-21w2020-09-02yBK